[Event "70th RUS-ch Women Higher League 2020"]
[Site "Sochi"]
[Date "2020.10.15"]
[Round "7.12"]
[White "Solozhenkina, Elizaveta"]
[Black "Semenova, Elena"]
[Result "*"]
[WhiteElo "2301"]
[BlackElo "2284"]
[Annotator "TA"]
[PlyCount "30"]
[EventDate "2020.10.08"]
[EventType "swiss"]
[EventCountry "RUS"]
[SourceTitle "playchess.com"]
[Source "ChessBase"]
[SourceQuality "1"]

{[%evp 9,30,17,29,10,8,11,52,57,61,51,54,15,17,11,22,0,0,-17,-14,-37,-44,-42,-39]} 1. e4 e5 2. Bc4 Nf6 3. d3 Nc6 4. Nf3 Bc5 5. O-O O-O 6. a4 {C50: Hungarian Defence and Giuoco Pianissimo.} h6 7. c3 d5 8. exd5 {White is slightly better.} Nxd5 9. Re1 {[#]} Be6 $146 ({Predecessor:} 9... Nb6 10. Bb5 Nd7 11. a5 a6 12. Bc4 Bd6 13. Nbd2 Nf6 14. Nf1 b5 15. axb6 cxb6 {1-0 (46) Lopez Ziegler,C (1881)-Savchuk,O (1584) Tres Cantos 2019}) 10. b4 Be7 $1 11. b5 Na5 12. Nxe5 Nxc4 13. Nxc4 Bf6 14. Ra3 Re8 {[%mdl 1024] Black has compensation.} 15. Ne3 a6 {Av CentiPawn Loss W=-12/B=-5. Weighted=-11/-4} *

[Event "70th RUS-ch Women Higher League 2020"]
[Site "Sochi"]
[Date "2020.10.15"]
[Round "7.13"]
[White "Lysenko, Margarita"]
[Black "Gritsayeva, Oksana"]
[Result "1/2-1/2"]
[WhiteElo "2239"]
[BlackElo "2373"]
[Annotator "TA"]
[PlyCount "237"]
[EventDate "2020.10.08"]
[EventType "swiss"]
[EventCountry "RUS"]
[SourceTitle "playchess.com"]
[Source "ChessBase"]
[SourceQuality "1"]

{[%evp 24,237,0,0,0,0,16,25,15,18,30,29,42,38,38,38,56,20,20,22,54,58,59,61,66,68,63,0,0,0,0,0,0,0,0,0,0,0,0,0,0,-6,0,-15,-18,-13,-21,-56,-46,-53,-11,-56,-56,-57,-19,-22,-18,-18,-18,-79,-79,-109,-109,-148,-95,-97,-43,-109,-109,-209,-109,-166,-166,-168,-161,-214,-44,-37,-18,-14,-14,-26,-8,-8,-8,-1491,-1262,-622,-8,-8,-8,-8,-8,-8,-8,-8,-8,-8,-8,-8,-8,-8,-8,-8,-8,-8,-8,-8,-8,-8,-8,-8,-8,-8,-8,-18,-8,-8,-8,-8,-8,-8,-8,-8,-8,-8,-8,-8,-8,-8,-8,-8,-8,-8,-8,-8,-8,-8,-8,-8,-8,-8,-8,-8,-8,-8,-8,-8,-8,-8,-8,-8,-8,-8,-8,-8,-8,-8,-8,-8,-8,-8,-8,-8,-8,-8,-8,-8,-8,-8,0,-8,0,-8,-8,-8,-8,-8,-8,-8,-8,0,0,0,0,0,0,0,0,0,0,0,0,0,0,0,0,0,0,0,0,0,0,0,0,0,0,0,0,0,0,0,0,0,0,0]} 1. d4 Nf6 2. c4 e6 3. Nc3 Bb4 4. f3 d5 5. a3 Bxc3+ 6. bxc3 c5 7. cxd5 Nxd5 8. dxc5 Qa5 9. e4 Nf6 10. Be3 O-O 11. Qb3 Nfd7 12. a4 Qc7 13. Qa3 b6 {E25: Nimzo-Indian: Sämisch: 5...c5 6 f3 d5 7 cxd5.} 14. a5 {Black must now prevent axb6.} Bb7 {[%cal Rd7c5] has lost popularity (14...bxc5).} 15. Nh3 Nxc5 {[#] White has an edge.} 16. Be2 $146 ({Predecessor:} 16. Bb5 Ba6 17. c4 Bxb5 18. cxb5 Nbd7 19. O-O Rac8 20. Nf2 Qb8 21. Rac1 Rc7 22. Rfd1 {½-½ (41) Fernandez,J (2394)-Arias Duval,G (2298) ICCF email 2016}) 16... Nbd7 17. O-O Rfd8 18. Rfd1 h6 19. Nf2 Rac8 20. axb6 axb6 21. Qb4 Bc6 22. Nd3 Rb8 23. Nb2 Ne5 24. Rxd8+ Rxd8 25. Bxc5 ({White should play} 25. Nc4 $14 Nxc4 26. Bxc4) 25... bxc5 $11 26. Qxc5 Rd2 27. Nc4 Nd7 $1 {[%cal Rd7c5]} 28. Qa5 $1 {[%cal Ra5c7]} Qxa5 29. Nxa5 Bxe4 $1 30. Bb5 Bf5 31. Nb3 Rb2 32. Nd4 Ne5 33. Nxf5 {aiming for Nd6.} (33. h4 {with more complications.} Bd3 34. Ra8+ Kh7 35. Ra5 Bc4 36. Bc6) 33... Rxb5 {[%mdl 4096] Endgame KRN-KRN} 34. Nd4 Rb2 35. Kf1 Nc4 36. Re1 e5 37. Ne2 f5 38. Kf2 Kf7 39. Ra1 f4 40. g3 g5 41. gxf4 (41. Ra7+ $11 {remains equal.} Kg6 42. Ra6+ Kh7 43. Ra7+ Kg8 44. Ra6) 41... gxf4 $17 42. Ra4 Ne3 $1 43. c4 h5 (43... Nd1+ $142 $1 44. Kf1 Rb1 45. Ra7+ Kf6 46. Ra6+ Kg5) 44. c5 Ke6 ({Better is} 44... Rc2 $17 45. Ra7+ Ke6) 45. c6 (45. Ra6+ $15 Kd5 46. c6) 45... Kd6 46. Ra6 {[#]} (46. Ra5 $17) 46... Nd5 (46... Nf5 $1 $19 {[%cal Rf5d4] Hoping for ...Nd4.} 47. Kf1 Nh4) 47. Ke1 (47. Kf1 $17 {is a better defense.}) 47... Nb4 $19 48. c7+ Kxc7 49. Rh6 (49. Ra7+ $142 Kd6 50. Kf1) 49... Nd3+ $2 (49... Nc2+ $19 50. Kd1 Ne3+ 51. Ke1 Nc2+ 52. Kd1 Ne3+ 53. Ke1 Rb1+ 54. Kd2 Rf1) 50. Kd1 $1 $15 {[#]} e4 $1 {[%mdl 512]} 51. fxe4 f3 {[%csl Gb2][%cal Rf3e2]} 52. Ng3 Rxh2 {And now ...h4 would win.} 53. Rxh5 Rg2 54. Nf5 $2 {[%mdl 8192]} (54. Nf1 $11) 54... Nb2+ 55. Kc1 {[#]} f2 $2 (55... Nc4 $1 $19 56. Rh7+ Kd8 57. Rh8+ Kd7 58. Rh7+ Ke8) 56. Ne3 $11 {The position is equal.} Nd3+ 57. Kd1 Rg1+ 58. Kd2 Nf4 59. Rf5 f1=Q 60. Nxf1 Rxf1 {KRN-KR} 61. Ke3 Ng2+ 62. Kd4 Rd1+ 63. Ke5 Ne3 64. Rf7+ Kc6 65. Rf3 Nc4+ 66. Kf4 Kd6 67. Rh3 $1 Rf1+ 68. Rf3 Rh1 69. e5+ Nxe5 70. Ra3 Rf1+ 71. Ke4 Rb1 72. Ra6+ Nc6 73. Ra4 Re1+ 74. Kf4 Kd5 75. Ra2 Rf1+ 76. Ke3 $1 Ke5 77. Rh2 Ne7 78. Rh5+ Nf5+ 79. Kd3 Rf4 80. Rh8 Rf3+ 81. Kd2 Nd6 82. Ra8 Ne4+ 83. Ke2 Rb3 84. Re8+ Kd5 85. Rd8+ Nd6 86. Rd7 Ra3 87. Rd8 Ke5 88. Rh8 Rb3 89. Ra8 Rc3 90. Rh8 Rg3 91. Ra8 Nf5 92. Re8+ Kf4 93. Rf8 Ra3 94. Kd2 Ke5 95. Re8+ Kd5 96. Rd8+ Nd6 97. Ke2 Ke5 98. Rh8 Rc3 99. Ra8 Ke4 100. Kd2 Rc6 101. Rh8 Nc4+ 102. Ke2 Ne5 103. Rh4+ Kd5 104. Rh8 Rc2+ 105. Ke3 Rc3+ 106. Ke2 Ng4 107. Ra8 Nf6 108. Ra5+ Kd4 109. Ra4+ Ke5 110. Ra8 Nd5 111. Rh8 Ra3 112. Re8+ Kd4 113. Rd8 Re3+ 114. Kd2 Rh3 115. Ke2 Rh2+ 116. Kf3 Ra2 117. Rh8 $1 Ra7 118. Rd8 $1 Ra5 119. Rh8 {Av CentiPawn Loss W=-9/B=-13. Weighted=-15/-18} 1/2-1/2

[Event "70th RUS-ch Women Higher League 2020"]
[Site "Sochi"]
[Date "2020.10.15"]
[Round "7.14"]
[White "Potapova, Margarita"]
[Black "Kochukova, Anna"]
[Result "1-0"]
[WhiteElo "2270"]
[BlackElo "2093"]
[Annotator "TA"]
[PlyCount "51"]
[EventDate "2020.10.08"]
[EventType "swiss"]
[EventCountry "RUS"]
[SourceTitle "playchess.com"]
[Source "ChessBase"]
[SourceQuality "1"]

{[%evp 18,51,28,22,26,27,27,18,19,0,0,0,16,14,17,16,11,14,16,21,20,-17,-10,-10,48,37,42,0,740,759,773,528,888,879,870,831]} 1. d4 d5 2. c4 dxc4 3. e4 Nf6 4. e5 Nd5 5. Bxc4 Nb6 6. Bb3 Nc6 7. Nf3 Bg4 8. Bxf7+ Kxf7 9. Ng5+ Ke8 10. Qxg4 Qxd4 {D20: Queen's Gambit Accepted: 3 e3 and 3 e4.} 11. Ne4 {[#]} Nd7 $146 ({Predecessor:} 11... Rd8 12. O-O Nxe5 13. Qe2 Nbc4 14. Nbc3 Qd3 15. Qe1 Qc2 16. Nc5 b6 17. Bf4 Qf5 18. Qe4 Qxe4 19. N5xe4 {0-1 (47) Le,Q (2713)-Nakamura,H (2736) chess.com INT 2020}) 12. O-O {Threatens to win with Nbc3.} Ndxe5 {The position is equal.} 13. Qh4 Ng6 14. Qg4 Nge5 $1 {[%cal Re5g4]} 15. Qf4 Nd3 16. Qh4 Qe5 17. Nbc3 {With the idea Rd1.} g6 18. Rd1 Rd8 19. Qh3 Nxc1 20. Rxd8+ Nxd8 (20... Kxd8 $11 21. Rxc1 Qf5) 21. Rxc1 $14 {Strongly threatening Qc8.} Bg7 22. Rd1 $36 {[%mdl 2048] White fights for an advantage.} Kf7 $2 {[%mdl 8192] [#]} (22... Ne6 $11) 23. Rd5 $18 {White is clearly winning.} Ne6 24. Qf3+ Kg8 {Black hopes to continue with ...Qf4.} 25. Rxe5 Bxe5 {[#]} 26. Nc5 $1 {[%mdl 512] Av CentiPawn Loss W=-22/B=-81. Weighted=-19/-54} 1-0

[Event "70th RUS-ch Women Higher League 2020"]
[Site "Sochi"]
[Date "2020.10.15"]
[Round "7.15"]
[White "Gorovenko, Darya"]
[Black "Ovod, Evgenija"]
[Result "*"]
[WhiteElo "2120"]
[BlackElo "2372"]
[Annotator "TA"]
[PlyCount "33"]
[EventDate "2020.10.08"]
[EventType "swiss"]
[EventCountry "RUS"]
[SourceTitle "playchess.com"]
[Source "ChessBase"]
[SourceQuality "1"]

{[%evp 15,33,0,0,-49,-16,-72,-48,-31,-31,-29,0,-110,-82,-70,-31,-27,-31,-21,-28,-119]} 1. d4 d5 2. c4 e6 3. Nf3 Nf6 4. g3 dxc4 5. Bg2 a6 6. O-O Nc6 7. Nc3 Rb8 8. e4 Be7 9. Re1 {E04: Open Catalan: 5 Nf3.} O-O {[#]} 10. h4 $146 (10. Bf4 $11) ({Predecessor:} 10. Bg5 h6 11. Bxf6 Bxf6 12. e5 Be7 13. d5 Nb4 14. dxe6 Bxe6 15. Nd4 Bc8 16. e6 Bc5 {0-1 (36) Maguire,T (2139)-Urkedal,F (2545) Adelaide 2019}) 10... b5 11. e5 {Black is slightly better.} Nd5 12. Ng5 $1 Ncb4 13. a3 (13. Qh5 $1 $11 {keeps the balance.} h6 14. Be4) 13... Nxc3 14. bxc3 Nd5 15. Qh5 {[%csl Gg5][%cal Rh5h7] [#]} h6 16. Ne4 Qe8 17. Nd6 {Av CentiPawn Loss W=-29/B=-17. Weighted=-39/-19} (17. Qg4 $11 Kh8 18. Bd2) *

[Event "70th RUS-ch Women Higher League 2020"]
[Site "Sochi"]
[Date "2020.10.15"]
[Round "7.16"]
[White "Miroshnik, Ekaterina"]
[Black "Makarova, Olga"]
[Result "1-0"]
[WhiteElo "2104"]
[BlackElo "1875"]
[Annotator "NA"]
[PlyCount "103"]
[EventDate "2020.10.08"]
[EventType "swiss"]
[EventCountry "RUS"]
[SourceTitle "playchess.com"]
[Source "ChessBase"]
[SourceQuality "1"]
[TimeControl "40/5400+30:1800+30"]

1. d4 {[%emt 0:00:00]} d5 {[%emt 0:00:00]} 2. Nf3 {[%emt 0:00:00]} Nf6 {[%emt 0:00:00]} 3. c4 {[%emt 0:00:00]} e6 {[%emt 0:00:00]} 4. e3 {[%emt 0:00:00]} Be7 {[%emt 0:00:19]} 5. Bd3 {[%emt 0:00:00]} dxc4 {[%emt 0:04:52]} 6. Bxc4 {[%emt 0:00:00] D30: Queen's Gambit Declined: Systems without Nc3.} a6 {[%emt 0:01:52]} 7. O-O {[%emt 0:00:07]} b5 {[%emt 0:00:35]} 8. Be2 {[%emt 0:00:05] The position is equal.} Bb7 {[%emt 0:00:20]} 9. b3 {[%emt 0:00:07]} O-O {[%emt 0:00:29]} 10. Bb2 {[%emt 0:00:03]} Nbd7 {[%emt 0:01:02]} 11. Nbd2 {[%emt 0:00:04]} c5 {[%emt 0:03:35]} 12. a4 {[%emt 0:00:04]} b4 {[%emt 0:15:24]} 13. Rc1 {[%emt 0:01:43]} Rc8 {[%emt 0:06:09]} 14. Nc4 {[%emt 0:02:08]} cxd4 {[%emt 0:08:58] [#]} 15. exd4 $146 {[%emt 0:02:13]} ({Predecessor:} 15. Bxd4 Nd5 16. Qd2 Rc7 17. Nfe5 Bf6 18. f4 Nc3 19. Bxc3 bxc3 20. Qxc3 Bd5 21. Qd2 Nc5 22. Rb1 h6 23. Qb4 Bxe5 24. Nxe5 Qa8 25. Qa5 Rfc8 26. Rfc1 {½-½ (26) Matei,C (2483)-Lins,T (2469) ICCF email 2014}) 15... Ne4 {[%emt 0:02:45]} 16. Bd3 {[%emt 0:05:20]} Ndf6 {[%emt 0:03:42]} 17. Qe2 {[%emt 0:02:24]} Nd6 {[%emt 0:03:46]} 18. Nce5 {[%emt 0:08:20]} Qa5 {[%emt 0:09:04] Av CentiPawn Loss W=-6/B=-9. Weighted=-6/-9} 19. Nd2 {[%emt 0:17:50]} Nd5 {[%emt 0:13:21]} 20. Rxc8 {[%emt 0:13:36]} Nxc8 {[%emt 0:07:42]} 21. Qf3 {[%emt 0:01:26]} Nd6 {[%emt 0:01:03]} 22. Nd7 {[%emt 0:06:51]} Nf6 {[%emt 0:00:24]} 23. Qh3 {[%emt 0:01:01]} Rc8 {[%emt 0:05:00]} 24. Nc5 {[%emt 0:01:57]} Rc7 {[%emt 0:03:50]} 25. Re1 {[%emt 0:05:48]} Bc8 {[%emt 0:01:17]} 26. Qg3 {[%emt 0:00:40]} Qb6 {[%emt 0:01:39]} 27. Nf3 {[%emt 0:05:55]} Nde8 {[%emt 0:00:47]} 28. Ne5 {[%emt 0:05:25]} Bxc5 {[%emt 0:01:04]} 29. dxc5 {[%emt 0:00:05]} Qxc5 {[%emt 0:00:29]} 30. Nc4 {[%emt 0:00:58]} Qe7 {[%emt 0:02:39]} 31. f4 {[%emt 0:13:05]} h6 {[%emt 0:01:38]} 32. Kh1 {[%emt 0:01:58]} Nh5 {[%emt 0:01:40]} 33. Qg4 {[%emt 0:03:42]} Nhf6 {[%emt 0:00:30]} 34. Qe2 {[%emt 0:00:12]} Qd7 {[%emt 0:00:31]} 35. Nb6 {[%emt 0:01:12]} Qc6 {[%emt 0:00:32]} 36. Nxc8 {[%emt 0:00:23]} Rxc8 {[%emt 0:00:02]} 37. Bxa6 {[%emt 0:00:07]} Rd8 {[%emt 0:00:18]} 38. Bb5 {[%emt 0:01:11]} Qd6 {[%emt 0:00:18]} 39. Be5 {[%emt 0:00:46]} Qd5 {[%emt 0:00:22]} 40. Bc4 {[%emt 0:00:00]} Qc5 {[%emt 0:00:00]} 41. h3 {[%emt 0:11:34]} Nd5 {[%emt 0:03:02]} 42. Qd2 {[%emt 0:05:09]} Ra8 {[%emt 0:08:03]} 43. Rc1 {[%emt 0:05:54]} Rc8 {[%emt 0:02:05]} 44. Ra1 {[%emt 0:05:03]} Ra8 {[%emt 0:02:47]} 45. Rd1 {[%emt 0:03:52]} Nef6 {[%emt 0:00:58]} 46. Bd4 {[%emt 0:00:58]} Qa5 {[%emt 0:01:52]} 47. Qf2 {[%emt 0:01:36]} Nc3 {[%emt 0:06:13]} 48. Re1 {[%emt 0:00:54]} Nfe4 {[%emt 0:00:25]} 49. Qf3 {[%emt 0:00:54]} Nd2 {[%emt 0:01:42]} 50. Qg3 {[%emt 0:00:25]} g6 {[%emt 0:01:20]} 51. Bxe6 {[%emt 0:00:35]} Nde4 {[%emt 0:00:41]} 52. Qxg6+ {[%emt 0:00:06]} 1-0

[Event "70th RUS-ch Women Higher League 2020"]
[Site "Sochi"]
[Date "2020.10.15"]
[Round "7.17"]
[White "Salakhova, Adelya"]
[Black "Mukhina, Jana"]
[Result "1/2-1/2"]
[WhiteElo "1885"]
[BlackElo "2025"]
[Annotator "ChessBase"]
[PlyCount "116"]
[EventDate "2020.10.08"]
[EventType "swiss"]
[EventCountry "RUS"]
[SourceTitle "playchess.com"]
[Source "ChessBase"]
[SourceQuality "1"]
[TimeControl "40/5400+30:1800+30"]

1. d4 {[%emt 0:00:00]} Nf6 {[%emt 0:00:00]} 2. c4 {[%emt 0:00:00]} g6 {[%emt 0:00:34]} 3. g3 {[%emt 0:00:00]} Bg7 {[%emt 0:00:09]} 4. Bg2 {[%emt 0:00:00]} O-O {[%emt 0:00:12]} 5. Nc3 {[%emt 0:00:03]} d6 {[%emt 0:00:06]} 6. Nf3 {[%emt 0:00:05]} Nc6 {[%emt 0:00:08]} 7. O-O {[%emt 0:00:07]} e5 {[%emt 0:00:03]} 8. d5 {[%emt 0:02:37]} Ne7 {[%emt 0:00:02]} 9. c5 {[%emt 0:00:06]} dxc5 {[%emt 0:11:43]} 10. Nxe5 {[%emt 0:00:14]} Nfxd5 {[%emt 0:08:10]} 11. Nxd5 {[%emt 0:00:25]} Bxe5 {[%emt 0:06:14]} 12. Bg5 {[%emt 0:00:57]} f6 {[%emt 0:03:34]} 13. Nxf6+ {[%emt 0:02:01]} Bxf6 {[%emt 0:03:21]} 14. Qxd8 {[%emt 0:00:10]} Rxd8 {[%emt 0:00:01]} 15. Bxf6 {[%emt 0:00:08]} Kf7 {[%emt 0:00:36]} 16. Bxe7 {[%emt 0:09:13]} Kxe7 {[%emt 0:00:49]} 17. Rfc1 {[%emt 0:02:31]} Rd2 {[%emt 0:01:29]} 18. Rxc5 {[%emt 0:00:08]} c6 {[%emt 0:00:35]} 19. Re5+ {[%emt 0:03:50]} Kf6 {[%emt 0:03:32]} 20. f4 {[%emt 0:13:38]} Bg4 {[%emt 0:07:05]} 21. Kf2 {[%emt 0:00:41]} Rxb2 {[%emt 0:10:22]} 22. Rd1 {[%emt 0:10:20]} Kf7 {[%emt 0:00:13]} 23. h3 {[%emt 0:08:02]} Be6 {[%emt 0:00:36]} 24. g4 {[%emt 0:04:14]} Re8 {[%emt 0:01:43]} 25. a3 {[%emt 0:12:46]} Bc4 {[%emt 0:05:12]} 26. Rd7+ {[%emt 0:07:15]} Kf8 {[%emt 0:02:04]} 27. Rxe8+ {[%emt 0:00:08]} Kxe8 {[%emt 0:00:03]} 28. Rxh7 {[%emt 0:00:06]} Rxe2+ {[%emt 0:03:26]} 29. Kg3 {[%emt 0:00:27]} Bf7 {[%emt 0:07:04]} 30. Rh8+ {[%emt 0:01:49]} Ke7 {[%emt 0:00:01]} 31. Rb8 {[%emt 0:00:32]} Rb2 {[%emt 0:00:17]} 32. Be4 {[%emt 0:01:23]} a5 {[%emt 0:14:34]} 33. Kh4 {[%emt 0:01:50]} Rb5 {[%emt 0:01:34]} 34. Ra8 {[%emt 0:10:59]} c5 {[%emt 0:01:27]} 35. Ra7 {[%emt 0:02:07]} c4 {[%emt 0:08:45]} 36. Bxb7 {[%emt 0:00:17]} Kf8 {[%emt 0:01:08]} 37. Be4 {[%emt 0:02:15]} Rc5 {[%emt 0:00:50]} 38. Bc2 {[%emt 0:00:51]} Kg7 {[%emt 0:00:43]} 39. f5 {[%emt 0:04:41]} gxf5 {[%emt 0:00:04]} 40. gxf5 {[%emt 0:00:00]} Kf6 {[%emt 0:00:00]} 41. Ra6+ {[%emt 0:00:08]} Ke5 {[%emt 0:01:01]} 42. Kg5 {[%emt 0:00:36]} Kd4 {[%emt 0:02:43]} 43. Rb6 {[%emt 0:08:15]} Re5 {[%emt 0:09:57]} 44. h4 {[%emt 0:05:32]} Re2 {[%emt 0:01:26]} 45. Ba4 {[%emt 0:02:24]} Bd5 {[%emt 0:05:27]} 46. f6 {[%emt 0:01:47]} c3 {[%emt 0:01:40]} 47. Rd6 {[%emt 0:02:06]} Rg2+ {[%emt 0:01:40]} 48. Kh6 {[%emt 0:04:05]} c2 {[%emt 0:03:58]} 49. Bxc2 {[%emt 0:00:11]} Rxc2 {[%emt 0:00:07]} 50. Kg7 {[%emt 0:07:39]} Rg2+ {[%emt 0:01:49]} 51. Kh6 {[%emt 0:04:11]} Rf2 {[%emt 0:01:35]} 52. Kg7 {[%emt 0:00:36]} Rg2+ {[%emt 0:00:18]} 53. Kh6 {[%emt 0:00:28]} Ke5 {[%emt 0:01:40]} 54. Rxd5+ {[%emt 0:00:09]} Kxd5 {[%emt 0:00:05]} 55. f7 {[%emt 0:00:05]} Rf2 {[%emt 0:00:04]} 56. Kg7 {[%emt 0:00:05]} Rg2+ {[%emt 0:00:06]} 57. Kf6 {[%emt 0:00:43]} Rf2+ {[%emt 0:00:12]} 58. Ke7 {[%emt 0:00:09]} Re2+ {[%emt 0:00:06]} 1/2-1/2

[Event "70th RUS-ch Women Higher League 2020"]
[Site "Sochi"]
[Date "2020.10.15"]
[Round "7.18"]
[White "Berezina, Mariya"]
[Black "Mironenko, Galina"]
[Result "0-1"]
[WhiteElo "1982"]
[BlackElo "2061"]
[Annotator "NA"]
[PlyCount "123"]
[EventDate "2020.10.08"]
[EventType "swiss"]
[EventCountry "RUS"]
[SourceTitle "playchess.com"]
[Source "ChessBase"]
[SourceQuality "1"]
[TimeControl "40/5400+30:1800+30"]

1. c4 {[%emt 0:00:00]} e5 {[%emt 0:00:00]} 2. Nc3 {[%emt 0:00:00]} d6 {[%emt 0:00:00]} 3. Nf3 {[%emt 0:00:04]} f5 {[%emt 0:00:06]} 4. g3 {[%emt 0:02:24]} Nf6 {[%emt 0:01:40]} 5. d4 {[%emt 0:00:31]} e4 {[%emt 0:01:21]} 6. Nh4 {[%emt 0:00:05]} g6 {[%emt 0:04:32]} 7. Bg5 {[%emt 0:01:31]} Bg7 {[%emt 0:04:59]} 8. e3 {[%emt 0:00:40]} c6 {[%emt 0:07:09]} 9. Be2 {[%emt 0:00:38]} O-O {[%emt 0:04:42]} 10. Ng2 {[%emt 0:02:34]} h6 {[%emt 0:07:14]} 11. Bxf6 {[%emt 0:00:07]} Qxf6 {[%emt 0:00:30]} 12. b4 {[%emt 0:06:15]} Na6 {[%emt 0:02:27]} 13. Qb3 $11 {[%emt 0:08:05]} Be6 {[%emt 0:07:43]} 14. Rc1 {[%emt 0:01:08]} Nc7 {[%emt 0:04:30]} 15. O-O {[%emt 0:02:48]} g5 {[%emt 0:07:31]} 16. f3 {[%emt 0:07:32]} exf3 {[%emt 0:06:02]} 17. Bxf3 {[%emt 0:00:16]} Rac8 {[%emt 0:07:33]} 18. a4 {[%emt 0:07:20]} d5 {[%emt 0:04:34]} 19. cxd5 {[%emt 0:04:48]} cxd5 {[%emt 0:00:28]} 20. Ne2 {[%emt 0:02:26]} Qe7 {[%emt 0:03:32]} 21. Ne1 {[%emt 0:01:21]} Kh8 {[%emt 0:05:50]} 22. b5 {[%emt 0:04:33]} Bf7 {[%emt 0:04:52]} 23. Bg2 {[%emt 0:04:00]} Bh5 {[%emt 0:02:22]} 24. Bf3 {[%emt 0:00:21]} Bg6 {[%emt 0:02:06]} 25. Rc5 {[%emt 0:03:52]} b6 {[%emt 0:02:44]} 26. Rc6 {[%emt 0:00:22]} Be8 {[%emt 0:01:16]} 27. Rc3 {[%emt 0:00:30]} Bf7 {[%emt 0:01:54]} 28. Nc2 {[%emt 0:03:51]} h5 {[%emt 0:01:50]} 29. Nb4 {[%emt 0:01:59]} Qd7 {[%emt 0:01:25]} 30. Rfc1 {[%emt 0:02:21]} Be6 {[%emt 0:02:51]} 31. Qc2 {[%emt 0:02:31]} g4 {[%emt 0:00:43]} 32. Bg2 {[%emt 0:00:49]} Bh6 {[%emt 0:00:42]} 33. Nf4 {[%emt 0:02:56]} Bxf4 {[%emt 0:00:18]} 34. gxf4 {[%emt 0:00:35]} Qd6 {[%emt 0:00:51]} 35. Rxc7 {[%emt 0:06:33]} Qxb4 {[%emt 0:00:20]} 36. Qc6 {[%emt 0:00:12]} Rxc7 {[%emt 0:00:26]} 37. Qxc7 {[%emt 0:00:04]} Rf6 {[%emt 0:00:46]} 38. Qe5 {[%emt 0:00:39]} Kg7 {[%emt 0:00:32]} 39. Rc7+ {[%emt 0:00:34]} Kg6 {[%emt 0:00:25]} 40. Rc6 {[%emt 0:00:00]} Qe1+ {[%emt 0:00:00]} 41. Bf1 {[%emt 0:00:52]} g3 {[%emt 0:02:18]} 42. Rc2 {[%emt 0:04:46]} h4 {[%emt 0:02:52]} 43. hxg3 {[%emt 0:00:05]} h3 {[%emt 0:03:43]} 44. Rh2 {[%emt 0:01:39]} Qxg3+ {[%emt 0:02:05]} 45. Kh1 {[%emt 0:00:03]} Qe1 {[%emt 0:01:15]} 46. Kg1 {[%emt 0:00:27]} Kf7 {[%emt 0:03:44]} 47. Qc7+ {[%emt 0:00:08]} Ke8 {[%emt 0:04:45]} 48. Qb8+ {[%emt 0:01:08]} Ke7 {[%emt 0:00:52]} 49. Qc7+ {[%emt 0:00:18]} Bd7 {[%emt 0:01:08]} 50. Qe5+ {[%emt 0:00:12]} Re6 {[%emt 0:07:31]} 51. Qg7+ {[%emt 0:00:11]} Kd6 {[%emt 0:00:39]} 52. Rxh3 {[%emt 0:05:01]} Rxe3 {[%emt 0:01:02]} 53. Qg2 {[%emt 0:04:39]} Re6 {[%emt 0:02:19]} 54. Qf3 {[%emt 0:08:33]} Rg6+ {[%emt 0:01:32]} 55. Kh1 {[%emt 0:00:03]} Qe4 {[%emt 0:01:13]} 56. Qxe4 {[%emt 0:07:04]} dxe4 {[%emt 0:00:50]} 57. Bc4 {[%emt 0:02:45]} Be6 {[%emt 0:00:28]} 58. Rc3 {[%emt 0:02:23]} Bxc4 {[%emt 0:00:30]} 59. Rxc4 {[%emt 0:00:04]} Kd5 {[%emt 0:00:08]} 60. Rc7 {[%emt 0:00:04]} Kxd4 {[%emt 0:00:28]} 61. Rxa7 {[%emt 0:00:05]} e3 {[%emt 0:01:09]} 62. Re7 {[%emt 0:01:52]} 0-1

[Event "70th RUS-ch Women Higher League 2020"]
[Site "Sochi"]
[Date "2020.10.16"]
[Round "8.1"]
[White "Schepetkova, Margarita"]
[Black "Gunina, Valentina"]
[Result "0-1"]
[WhiteElo "2257"]
[BlackElo "2431"]
[Annotator "ChessBase"]
[PlyCount "80"]
[EventDate "2020.10.08"]
[EventType "swiss"]
[EventCountry "RUS"]
[SourceTitle "playchess.com"]
[Source "ChessBase"]
[SourceQuality "1"]
[TimeControl "40/5400+30:1800+30"]

1. d4 {[%emt 0:00:00]} d5 {[%emt 0:00:00]} 2. c4 {[%emt 0:00:00]} c6 {[%emt 0:00:00]} 3. Nf3 {[%emt 0:00:00]} Nf6 {[%emt 0:00:12]} 4. g3 {[%emt 0:00:20]} h6 {[%emt 0:00:06]} 5. Qc2 {[%emt 0:05:42]} g6 {[%emt 0:03:15]} 6. Bg2 {[%emt 0:03:12]} Bf5 {[%emt 0:00:06]} 7. Qb3 {[%emt 0:00:21]} Qb6 {[%emt 0:01:01]} 8. Nc3 {[%emt 0:04:28]} Qxb3 {[%emt 0:03:41]} 9. axb3 {[%emt 0:00:04]} e6 {[%emt 0:00:45]} 10. Bf4 {[%emt 0:01:22]} Na6 {[%emt 0:07:17]} 11. Be5 {[%emt 0:03:26]} Be7 {[%emt 0:00:25]} 12. Nd2 {[%emt 0:00:11]} O-O {[%emt 0:02:08]} 13. e4 {[%emt 0:17:18]} dxe4 {[%emt 0:03:50]} 14. Ndxe4 {[%emt 0:00:17]} Nxe4 {[%emt 0:00:53]} 15. Bxe4 {[%emt 0:00:50]} Nb4 {[%emt 0:05:10]} 16. O-O {[%emt 0:02:43]} Bh3 {[%emt 0:03:36]} 17. Rfd1 {[%emt 0:01:32]} f6 {[%emt 0:04:28]} 18. Bc7 {[%emt 0:02:53]} g5 {[%emt 0:06:31]} 19. d5 {[%emt 0:02:48]} f5 {[%emt 0:04:13]} 20. Bf3 {[%emt 0:02:15]} f4 {[%emt 0:06:27]} 21. gxf4 {[%emt 0:00:58]} gxf4 {[%emt 0:02:31]} 22. d6 {[%emt 0:02:41]} Bd8 {[%emt 0:07:33]} 23. Bxd8 {[%emt 0:00:42]} Rfxd8 {[%emt 0:00:01]} 24. Ne4 {[%emt 0:01:45]} b6 {[%emt 0:02:44]} 25. d7 {[%emt 0:04:33]} Kf8 {[%emt 0:02:33]} 26. Rd6 {[%emt 0:03:41]} Ke7 {[%emt 0:02:31]} 27. Rad1 {[%emt 0:00:04]} Rg8+ {[%emt 0:01:37]} 28. Kh1 {[%emt 0:00:28]} Rad8 {[%emt 0:00:06]} 29. Nc3 {[%emt 0:04:42]} h5 {[%emt 0:03:33]} 30. Ne2 {[%emt 0:01:06]} e5 {[%emt 0:01:00]} 31. Rh6 {[%emt 0:00:58]} Rxd7 {[%emt 0:02:17]} 32. Rh7+ {[%emt 0:01:03]} Kd8 {[%emt 0:00:02]} 33. Rdxd7+ {[%emt 0:00:22]} Bxd7 {[%emt 0:00:02]} 34. Rxh5 {[%emt 0:00:23]} Nd3 {[%emt 0:00:09]} 35. h4 {[%emt 0:00:57]} Nxf2+ {[%emt 0:01:13]} 36. Kh2 {[%emt 0:00:02]} e4 {[%emt 0:01:14]} 37. Bxe4 {[%emt 0:00:37]} Nxe4 {[%emt 0:00:15]} 38. Nxf4 {[%emt 0:00:03]} Nd2 {[%emt 0:00:10]} 39. Kh1 {[%emt 0:02:27]} Nf3 {[%emt 0:00:16]} 40. Ne2 {[%emt 0:00:00]} Bh3 {[%emt 0:00:00]} 0-1